New York Giants 2021 Roster - Statistics

General Stats
  • This quiz has been taken 124 times
  • The average score is 20 of 36
Answer Stats
Pos. Player % Correct
QB Daniel Jones
100%
RB Saquon Barkley
99%
WR Kenny Golladay
95%
WR Sterling Shepard
92%
WR Darius Slayton
86%
TE Evan Engram
85%
WR Kadarius Toney
78%
QB Mike Glennon
78%
K Graham Gano
73%
CB James Bradberry
72%
Coach Joe Judge
71%
DE Leonard Williams
71%
RB Devontae Booker
68%
DE Dexter Lawrence
67%
LB Blake Martinez
63%
TE Kyle Rudolph
61%
S Xavier McKinney
58%
OT Nate Solder
54%
C Nick Gates
52%
CB Adoree' Jackson
49%
S Jabrill Peppers
49%
P Riley Dixon
47%
S Julian Love
46%
S Logan Ryan
46%
WR John Ross
41%
LB Azeez Ojulari
35%
DT Austin Johnson
34%
CB Darnay Holmes
34%
LB Lorenzo Carter
30%
WR Dante Pettis
29%
OT Matt Peart
29%
OG Shane Lemieux
24%
DT Danny Shelton
20%
LB Reggie Ragland
16%
CB Isaac Yiadom
8%
OG Zach Fulton
4%
No matching quizzes found
Score Distribution
Percent of People with Each Score
Percentile by Number Answered
Your Score History
You have not taken this quiz